| 000 | 00776nam a2200241Ia 4500 | ||
|---|---|---|---|
| 001 | dia_3945 | ||
| 003 | CHAP | ||
| 005 | 20221002155805.0 | ||
| 008 | 220117s1990 xx 000 0 und d | ||
| 010 | _a174553 | ||
| 040 | _cCHAP | ||
| 090 | _aFOLLETO 2674 | ||
| 100 |
_aAguilar Benítez, Ismael _92661 |
||
| 245 |
_aInforme de campamento multidisciplinario sobre cafeticultura en la zona de Juchique de Ferrer - Tlapacoyan, Veracruz / _c Ismael Aguilar Benítez...[et al.] |
||
| 260 |
_aVeracruz, México : _b UACh, Dirección de Centros Regionales, _c1990 |
||
| 300 | _a41 p. | ||
| 500 | _aS/c | ||
| 650 |
_aCafé _917085 |
||
| 901 | _aFOLLETO 2674 | ||
| 902 | _aM | ||
| 905 | _a0000001990 mx 0000000000spa00 | ||
| 942 |
_cFOLL _2local |
||
| 999 |
_c174553 _d174553 |
||